[Event "Santo Domingo Independencia op"]
[Site "Santo Domingo"]
[Date "2017.03.03"]
[Round "5"]
[White "Pena Galvan, Armando Antonio"]
[Black "Araujo Sanchez, Josue"]
[Result "0-1"]
[WhiteElo "1776"]
[BlackElo "1978"]
[PlyCount "68"]
[EventDate "2017.02.24"]
[EventType "swiss"]
[EventRounds "7"]
[EventCountry "DOM"]
[SourceTitle "CBM 177 Extra"]
[Source "ChessBase"]
[SourceDate "2017.04.27"]
[SourceVersion "1"]
[SourceVersionDate "2017.04.27"]
[SourceQuality "1"]

1. d4 f5 2. Nf3 Nf6 3. c4 g6 4. Nc3 Bg7 5. g3 0-0 6. Bg2 d6 7. 0-0 c6 8. Qc2 Qc7 9. Bg5 e5 10. dxe5 dxe5 11. Rad1 Na6 12. a3 Nc5 13. Bxf6 Bxf6 14. b4 Ne6 15. e3 f4 16. c5 g5 17. g4 h5 18. h3 hxg4 19. Qg6+ Qg7 20. Qxg7+ Nxg7 21. hxg4 Bxg4 22. e4 Be6 23. Nd2 Rad8 24. Ndb1 Bb3 25. Rd2 g4 26. f3 g3 27. Rc1 Ne6 28. Ne2 Ng5 29. Kf1 Be6 30. Rcd1 Rxd2 31. Rxd2 Kf7 32. Rc2 Rh8 33. Ng1 Rh2 34. Rd2 Be7 0-1

[Event "Santo Domingo Duarte Memorial 6th"]
[Site "Santo Domingo"]
[Date "2017.02.05"]
[Round "8"]
[White "Pena Galvan, Armando Antonio"]
[Black "Pena Marcano, Jose Carlos"]
[Result "0-1"]
[WhiteElo "1776"]
[BlackElo "1804"]
[PlyCount "66"]
[EventDate "2017.01.27"]
[EventType "swiss"]
[EventRounds "8"]
[EventCountry "DOM"]
[SourceTitle "CBM 176 Extra"]
[Source "ChessBase"]
[SourceDate "2017.03.02"]
[SourceVersion "1"]
[SourceVersionDate "2017.03.02"]
[SourceQuality "1"]

1. d4 e6 2. Nf3 c5 3. g3 b6 4. Bg2 Bb7 5. 0-0 h5 6. c4 cxd4 7. Nxd4 Bxg2 8. Kxg2 Qc7 9. Qd3 Be7 10. Nd2 h4 11. N2f3 hxg3 12. hxg3 Nf6 13. Bg5 Na6 14. Bxf6 Bxf6 15. Qe4 Rb8 16. Nb5 Qc6 17. Qxc6 dxc6 18. Nxa7 Kd7 19. Rfd1+ Kc7 20. Rd2 Ra8 21. Nxc6 Kxc6 22. Rad1 Rhd8 23. b3 Rxd2 24. Rxd2 Nc5 25. b4 Ne4 26. Rd3 Nd6 27. Nd2 Rd8 28. f4 Nf5 29. Rxd8 Bxd8 30. e4 Nd4 31. Kf2 Nc2 32. b5+ Kc5 33. Ke2 Kd4 0-1